000 00493nam a2200181 i 4500
001 116213
003 ES-MaACL
005 20240223183245.0
007 t|
008 061121s1917 sp r ||||1| spa d
100 1 _aOry, Eduardo de.
_987707
245 1 0 _aRubén Darío /
_cEduardo de Ory.
260 _aCádiz :
_b[s.n.],
_c1917 (
_fTip. Comercial)
300 _a174 p. ;
_c18 cm.
600 1 4 _aDarío, Rubén,
_d1867-1916
_942720
852 _aES-MaACL
_jF-3533
999 _c116213
_d116213